Online Catalogue and eLibrary

Osaigal (Record no. 4373)

MARC details
000 -LEADER
fixed length control field 00337nam a2200145Ia 4500
005 - DATE AND TIME OF LATEST TRANSACTION
control field 20250508052613.0
008 - FIXED-LENGTH DATA ELEMENTS--GENERAL INFORMATION
fixed length control field 240331s9999 xx 000 0 und d
082 ## - DDC Classification
Item Number - Author Mark KAN
Class No. 891
100 ## - MAIN ENTRY--PERSONAL NAME
Personal name Kannan, L
245 #0 - TITLE STATEMENT
Title Osaigal
260 ## - PUBLICATION, DISTRIBUTION, ETC.
Place of publication, distribution, etc. Bangalore
Name of publisher, distributor, etc. Kaavya
Date of publication, distribution, etc. 1984
300 ## - PHYSICAL DESCRIPTION
Extent (e.g. Volumes, Pages etc.) 241 p .,
500 ## - GENERAL NOTE
General note Short Novel & Short Stories
942 ## - Koha item type (Biblio)
Koha item type Books in Stacks (Lending)
Holdings
Lost status Damaged status Collection code Home library Current library Shelving location Date acquired Full call number Accession Number Item type
    Lending WERC Library WERC Library Social Science Cupboard 03/31/2024 894.811 KAN 4479 Books in Stacks (Lending)

© WERC Library